000 00347nam a2200121Ia 4500
001 IA_
008 220117s xx 000 0 und d
010 _a184839
503 _aC/e \ D (ej. 2) \ I. 190971 (ej. 3) \ I. 190970 (ej. 4) \ I. 190972 (ej. 5)
590 _aQD101 A97 1970
650 _aAnálisis químico
_9145564
650 _aChemistry
_9149016
999 _c184839
_d184839